| 000 | 01132nam a22003497a 4500 | ||
|---|---|---|---|
| 003 | CHAP | ||
| 005 | 20220817044435.0 | ||
| 008 | 110427s2010 it a rn 00010 eng d | ||
| 010 | _a101056 | ||
| 011 | _a102028 | ||
| 020 | _a9789251066836 | ||
| 035 | _a112716 | ||
| 040 | _cCHAP | ||
| 090 | _aFolleto 17946y | ||
| 110 | 2 | _aFAO | |
| 245 | 1 | 0 |
_aPromoting the growth and development of smallholder seed enterprises for food security crops : _bbest practices and options for decision making _c/por Paul J.H. Neate y Robert G. Guei |
| 260 |
_aRome : _bFAO, _c2010 |
||
| 300 |
_a35 p. : _bilus., tablas |
||
| 590 |
_aBATCH-UPD _b10 _c20130110 _lUCH01 _h1241 |
||
| 590 |
_aCONVERSION _b10 _c20130109 _lUCH01 _h1356 |
||
| 650 | 1 | 4 |
_aCambio estructural. _917784 |
| 650 | 1 | 4 |
_aLeguminosas. _965807 |
| 650 | 1 | 4 |
_aMercados. _974925 |
| 650 | 1 | 4 | _aSemillas. |
| 650 | 1 | 4 |
_aSemillas _xIndustria. _9103905 |
| 650 | 1 | 4 |
_aSemillas _xRendimiento. _9103930 |
| 700 | 1 | _aGuei, Robert G. | |
| 700 | 1 |
_aNeate, Paul J.H. _980660 |
|
| 901 | _aBK | ||
| 942 | _cFOLL | ||
| 949 |
_aFolleto 17946y _bBC _cFAO _d33724002256215 _eFAO1 _gDonaciØn _i112716 _sb |
||
| 999 |
_c101056 _d101056 |
||